| 000 | 00836nam a2200193Ia 4500 | ||
|---|---|---|---|
| 003 | GCL | ||
| 008 | 140319s9999 xx 000 0 ara d | ||
| 040 |
_aGCL / _cGCL |
||
| 082 | 0 | 4 |
_a686.21109 _bم ن |
| 100 | 1 | _aمنشورات المجمع الثقافى | |
| 245 | 1 | 0 |
_aندوة تاريخ الطباعة العربية حتى انتهاء القرن التاسع عشر 28 - 29 جمادى الاولى 1416هـ 22 - 23 اكتوبر تشرين الاول 1995م الوقائع والبحوث التى القيت فيها / _cمنشورات المجمع الثقافى |
| 300 | _a445 ص | ||
| 490 |
_aمنشورات المجمع الثقافى _v0 |
||
| 650 | 0 | 4 | _aالطباعة |
| 650 | 0 | 4 | _aالطباعة - تاريخ |
| 650 | 0 | 4 | _aالمهاديات |
| 650 | 0 | 4 | _aالطباعة العربية - تاريخ |
| 942 |
_2ddc _cBK |
||
| 999 |
_c52337 _d52337 |
||